[Event "NZ Junior Championship 2017"]
[Site "Auckland NZL"]
[Date "2017.07.14"]
[Round "7"]
[White "Ang, Alphaeus Wei Ern"]
[Black "Liu, Xinyang"]
[Result "1-0"]
[WhiteElo "2005"]
[BlackElo "1511"]
[PlyCount "87"]
[EventDate "2017.07.11"]

1. d4 Nf6 2. c4 g6 3. Nc3 Bg7 4. e4 d6 5. Be2 O-O 6. Be3 c5 7. d5 e6 8. Nf3
exd5 9. cxd5 Bg4 10. Nd2 Bxe2 11. Qxe2 Qe7 12. O-O Nbd7 13. h3 a6 14. a4 Ne8
15. Rfe1 f5 16. exf5 Rxf5 17. Qd3 Ne5 18. Qc2 Qc7 19. f4 Nd7 20. g4 Rf8 21. Nf3
Nb6 22. Qd3 Qf7 23. Ng5 Qd7 24. a5 Nc8 25. Re2 Nc7 26. Bd2 Na7 27. Rae1 Rfe8
28. Ne6 Ncb5 29. Nxb5 Nxb5 30. Bc3 Re7 31. Bxg7 Rxg7 32. Nxg7 Qxg7 33. Re8+
Rxe8 34. Rxe8+ Kf7 35. Qe3 Qf6 36. g5 Qd4 37. Re7+ Kf8 38. Qxd4 Nxd4 39. Rxb7
Ne2+ 40. Kh2 Nxf4 41. Rb6 Nxd5 42. Rxa6 Ke7 43. Ra7+ Ke6 44. Rb7 1-0

[Event "NZ Junior Championship 2017"]
[Site "Auckland NZL"]
[Date "2017.07.14"]
[Round "7"]
[White "Meng, Richard"]
[Black "Gong, Daniel Hanwen"]
[Result "0-1"]
[WhiteElo "1646"]
[BlackElo "2287"]
[PlyCount "90"]
[EventDate "2017.07.11"]

1. c4 Nf6 2. Nc3 g6 3. g3 Bg7 4. Bg2 O-O 5. Nf3 d6 6. O-O Nc6 7. d3 Nh5 8. Rb1
f5 9. Ng5 e6 10. b4 Bxc3 11. Qb3 Bf6 12. Nf3 a5 13. b5 a4 14. Qc2 Nd4 15. Nxd4
Bxd4 16. e3 Bg7 17. d4 Nf6 18. Ba3 Re8 19. Rb4 d5 20. c5 c6 21. Rxa4 Bd7 22. b6
Rxa4 23. Qxa4 Qa8 24. Qb3 Ne4 25. Bb4 e5 26. f3 Ng5 27. e4 Be6 28. Bd2 dxe4 29.
Qc2 Nxf3+ 30. Bxf3 exf3 31. Rxf3 e4 32. Rf1 Bxd4+ 33. Kg2 Bd5 34. Kh3 Qc8 35.
Bf4 Be5 36. Qd2 Qe6 37. a4 Bxf4 38. Qxf4 e3 39. Re1 e2 40. a5 Qf6 41. Qd6 Qxd6
42. cxd6 Bc4 43. Kg2 Rd8 44. Kf2 Rxd6 45. Ke3 Rd1 0-1

[Event "NZ Junior Championship 2017"]
[Site "Auckland NZL"]
[Date "2017.07.14"]
[Round "7"]
[White "Qin, Nicole Shu Yu"]
[Black "Fan, Allen Chi Zhou"]
[Result "0-1"]
[WhiteElo "1475"]
[BlackElo "2057"]
[PlyCount "78"]
[EventDate "2017.07.11"]

1. d4 Nf6 2. c4 g6 3. Nc3 Bg7 4. e4 d6 5. f3 O-O 6. Be3 a6 7. Bd3 c6 8. a3 b5
9. cxb5 cxb5 10. Rc1 Bb7 11. Nge2 Nc6 12. b4 Rc8 13. O-O Nd7 14. Bb1 Nb6 15.
Ba2 Kh8 16. f4 Nb8 17. f5 Nc4 18. Bxc4 Rxc4 19. Qd2 Nd7 20. Rf3 Nf6 21. Ng3 Ng4
22. Nge2 Nxe3 23. Qxe3 Qb6 24. Rd1 Rfc8 25. Rd3 Rg8 26. fxg6 fxg6 27. Rh3 Bc8
28. Rg3 a5 29. Nd5 Qa7 30. Ndc3 axb4 31. Nxb5 Qa5 32. Qg5 bxa3 33. Nbc3 Qa7 34.
Nb5 a2 35. Nxa7 a1=Q+ 36. Kf2 Qxa7 37. Qd5 Rc2 38. Ke1 Rxe2+ 39. Kxe2 Ba6 0-1

[Event "NZ Junior Championship 2017"]
[Site "Auckland NZL"]
[Date "2017.07.14"]
[Round "7"]
[White "Wang, Aaron Ziwen"]
[Black "Picken, Oliver"]
[Result "0-1"]
[WhiteElo "1602"]
[BlackElo "1878"]
[PlyCount "60"]
[EventDate "2017.07.11"]

1. c4 b6 2. Nc3 Bb7 3. Nf3 e6 4. d4 Bb4 5. Bd2 f5 6. e3 Nf6 7. a3 Bxc3 8. Bxc3
O-O 9. Bd3 Qe8 10. Bb4 d6 11. c5 a5 12. Bd2 Ne4 13. cxb6 cxb6 14. Bc3 Qg6 15.
Rg1 Nd7 16. Qe2 Ndf6 17. h3 Rac8 18. Rc1 Rc7 19. Bc4 Nd5 20. Bxd5 Bxd5 21. Bd2
Nxd2 22. Kxd2 Rxc1 23. Kxc1 f4 24. e4 Qxe4 25. Qa6 Bb7 26. Nd2 Rc8+ 27. Kd1
Qc2+ 28. Ke1 Bxa6 29. f3 Qc1+ 30. Kf2 Qxd2# 0-1

[Event "NZ Junior Championship 2017"]
[Site "Auckland NZL"]
[Date "2017.07.14"]
[Round "7"]
[White "Hu, Erica Yue"]
[Black "Stannard, Bobby"]
[Result "0-1"]
[WhiteElo "930"]
[BlackElo "1481"]
[PlyCount "70"]
[EventDate "2017.07.11"]

1. c4 d5 2. b3 e5 3. g3 g6 4. Bg2 Be6 5. d3 Bg7 6. Bb2 Nc6 7. e3 Nge7 8. Ne2
O-O 9. O-O d4 10. e4 Qd7 11. f4 f6 12. Ba3 Rf7 13. Nd2 Raf8 14. Nf3 f5 15. Ng5
Rf6 16. Nxe6 Qxe6 17. fxe5 Qxe5 18. Nf4 R8f7 19. Bxe7 Nxe7 20. exf5 Rxf5 21.
Re1 Qd6 22. Re6 Qd7 23. Qe2 Nc6 24. Re8+ Rf8 25. Bd5+ Kh8 26. Rxf8+ Rxf8 27.
Re1 g5 28. Qh5 gxf4 29. Be4 Be5 30. Bxc6 Qg7 31. Rxe5 bxc6 32. Rg5 Qf7 33. Qh6
fxg3 34. hxg3 Qf1+ 35. Kh2 Rf2# 0-1

[Event "NZ Junior Championship 2017"]
[Site "Auckland NZL"]
[Date "2017.07.14"]
[Round "7"]
[White "Gao, Hugh"]
[Black "Ong, Weng Yan"]
[Result "1/2-1/2"]
[WhiteElo "1414"]
[BlackElo "1158"]
[PlyCount "52"]
[EventDate "2017.07.11"]

1. e4 e6 2. d4 d5 3. exd5 exd5 4. Nc3 Nf6 5. a3 Bf5 6. Nf3 Be7 7. Bb5+ c6 8.
Be2 O-O 9. O-O Nbd7 10. Bd3 Bxd3 11. Qxd3 Bd6 12. Bg5 Qc7 13. Bh4 Rae8 14. Bg3
h6 15. Rfe1 Bxg3 16. fxg3 Qd6 17. Qf5 Re6 18. Ne2 Rfe8 19. Nf4 Rxe1+ 20. Rxe1
Rxe1+ 21. Nxe1 Qe7 22. Kf2 Ne4+ 23. Kf1 Nd2+ 24. Kf2 Ne4+ 25. Kf1 Nd2+ 26. Kf2
Ne4+ 1/2-1/2

[Event "NZ Junior Championship 2017"]
[Site "Auckland NZL"]
[Date "2017.07.14"]
[Round "7"]
[White "Li, Allen"]
[Black "Fu, Tom"]
[Result "1-0"]
[WhiteElo "1311"]
[BlackElo "951"]
[PlyCount "35"]
[EventDate "2017.07.11"]

1. e4 e6 2. d4 c5 3. Nf3 cxd4 4. Nxd4 g6 5. Bf4 Bg7 6. Nb5 e5 7. Nd6+ Kf8 8.
Qd5 Qe7 9. Nxc8 Qb4+ 10. Bd2 Qxb2 11. Bc4 Ke8 12. Nd6+ Kd8 13. Nxb7+ Kc8 14.
Nd6+ Kd8 15. Ba5+ Ke7 16. Nc8+ Kf6 17. Bd8+ Ne7 18. Bxe7# 1-0

[Event "NZ Junior Championship 2017"]
[Site "Auckland NZL"]
[Date "2017.07.14"]
[Round "7"]
[White "Lal, Krystal"]
[Black "Li, Andrew"]
[Result "1-0"]
[WhiteElo "1235"]
[BlackElo "1388"]
[PlyCount "79"]
[EventDate "2017.07.11"]

1. e4 e5 2. Nf3 Nc6 3. Bb5 a6 4. Ba4 Nf6 5. d3 Bc5 6. O-O b5 7. Bb3 Bb7 8. Bg5
h6 9. Bh4 d6 10. c3 Qe7 11. d4 g5 12. Bg3 g4 13. dxc5 gxf3 14. cxd6 cxd6 15.
Qxf3 Rg8 16. Bh4 Rg6 17. Nd2 O-O-O 18. Rfe1 Rdg8 19. g3 Kc7 20. a3 Bc8 21. c4
Nd4 22. Qc3 Nxb3 23. Nxb3 bxc4 24. Qxc4+ Kd8 25. Rac1 Be6 26. Qxa6 Qd7 27. Qb6+
Ke8 28. Bxf6 Rxf6 29. Rc7 Qd8 30. Rec1 Bd7 31. Qb7 Ke7 32. Na5 Ke6 33. Qd5+ Ke7
34. Nc6+ Ke8 35. Nxd8 Kxd8 36. Qa8+ Ke7 37. Qxg8 h5 38. Rxd7+ Kxd7 39. Qc8+ Ke7
40. Rc7# 1-0

[Event "NZ Junior Championship 2017"]
[Site "Auckland NZL"]
[Date "2017.07.14"]
[Round "7"]
[White "Liu, John"]
[Black "Han, Allan"]
[Result "0-1"]
[WhiteElo "1385"]
[BlackElo "1201"]
[PlyCount "72"]
[EventDate "2017.07.11"]

1. c4 e5 2. Nc3 f5 3. d3 Nf6 4. g3 Nc6 5. Bg2 d5 6. cxd5 Nb4 7. Nf3 Qd6 8. Nxe5
Qxe5 9. Qa4+ Bd7 10. Qb3 Nxd3+ 11. Kf1 Nc5 12. Qd1 Bd6 13. f4 Qe7 14. Kf2 Nce4+
15. Kf1 O-O 16. e3 Nxc3 17. bxc3 Bb5+ 18. Kg1 Bc5 19. Qe1 Ng4 20. h4 Nxe3 21.
Bxe3 Bxe3+ 22. Kh2 Rfe8 23. Qd1 Qd6 24. Qb3 Ba6 25. Rhe1 Bf2 26. Red1 Re2 27.
Kh1 Rae8 28. Kh2 Kf8 29. Qb1 g6 30. Bf3 Bb6+ 31. Bxe2 Rxe2+ 32. Kh1 Qc5 33. Qb4
Qxb4 34. cxb4 Bc4 35. a3 Ke7 36. Re1 Bxd5# 0-1

[Event "NZ Junior Championship 2017"]
[Site "Auckland NZL"]
[Date "2017.07.14"]
[Round "7"]
[White "Ning, Isabelle Yixuan"]
[Black "Li, Leo Xiang Yu"]
[Result "1/2-1/2"]
[WhiteElo "1237"]
[BlackElo "1236"]
[PlyCount "52"]
[EventDate "2017.07.11"]

1. d4 d5 2. c4 dxc4 3. e3 Nf6 4. Bxc4 Nc6 5. Nf3 Bg4 6. O-O e5 7. Be2 exd4 8.
exd4 Bd6 9. Nc3 O-O 10. h3 Be6 11. Bg5 Be7 12. Bxf6 Bxf6 13. d5 Bxc3 14. dxc6
Bf6 15. cxb7 Rb8 16. Ba6 Bd5 17. Re1 Bxb7 18. Bxb7 Rxb7 19. Qc2 Rxb2 20. Qc5
Rb6 21. Rad1 Qb8 22. Rd7 Rb7 23. Rc1 Rd8 24. Rxc7 Rxc7 25. Qxc7 Qxc7 26. Rxc7
Ra8 1/2-1/2

[Event "NZ Junior Championship 2017"]
[Site "Auckland NZL"]
[Date "2017.07.14"]
[Round "7"]
[White "Xie, Felix"]
[Black "Qin, Oscar Shu Xuan"]
[Result "0-1"]
[WhiteElo "1049"]
[BlackElo "1464"]
[PlyCount "102"]
[EventDate "2017.07.11"]

1. e4 e5 2. Nf3 Nc6 3. d4 exd4 4. Nxd4 Nf6 5. Nxc6 bxc6 6. e5 Qe7 7. Qe2 Nd5 8.
c4 Ba6 9. g3 g6 10. Bg2 Bg7 11. f4 O-O-O 12. a3 Rhe8 13. O-O Qc5+ 14. Rf2 Bxc4
15. Qc2 Qd4 16. Bxd5 Bxd5 17. Nc3 d6 18. Nxd5 cxd5 19. Kh1 dxe5 20. fxe5 Qxe5
21. Bf4 Qe4+ 22. Qxe4 dxe4 23. Be3 Rd7 24. Bxa7 Kb7 25. Be3 f5 26. Bf4 c6 27.
Rc1 Be5 28. Be3 Re6 29. Kg2 Rd3 30. Bf4 Bxf4 31. Rxf4 e3 32. Rb4+ Kc7 33. Re1
Rd2+ 34. Kg1 c5 35. Rb3 e2 36. Kf2 Kc6 37. Re3 Rxe3 38. Kxe3 Rxb2 39. Rxe2 Rb3+
40. Kf4 Rxa3 41. Re7 c4 42. Rxh7 c3 43. Re7 c2 44. Re1 Rc3 45. Rc1 Kd5 46. Kg5
Rc6 47. Kf4 Kd4 48. Kf3 Kd3 49. Kf2 Kd2 50. Rh1 c1=Q 51. Rxc1 Rxc1 0-1

[Event "NZ Junior Championship 2017"]
[Site "Auckland NZL"]
[Date "2017.07.14"]
[Round "7"]
[White "Deng, Abraham"]
[Black "Steadman, Mathew"]
[Result "0-1"]
[WhiteElo "954"]
[BlackElo "1500"]
[PlyCount "118"]
[EventDate "2017.07.11"]

1. e4 d5 2. exd5 Qxd5 3. Nc3 Qd6 4. d4 c6 5. Nf3 Bg4 6. h3 Bxf3 7. gxf3 Nf6 8.
Bc4 e6 9. Be3 Nbd7 10. Qd2 Qc7 11. O-O-O Bd6 12. Ne4 Nxe4 13. fxe4 b5 14. Bb3
a5 15. a3 a4 16. Ba2 Rb8 17. Rhg1 b4 18. axb4 Bxb4 19. c3 c5 20. dxc5 Bxc5 21.
Rxg7 Bxe3 22. Qxe3 Qb7 23. Qd2 Nc5 24. f3 Nd3+ 25. Kc2 Qxb2+ 26. Kxd3 Rd8+ 27.
Bd5 Qxd2+ 28. Rxd2 exd5 29. Ke3 dxe4 30. fxe4 Rxd2 31. Kxd2 Ke7 32. Rg1 Ra8 33.
Ra1 Ke6 34. Kd3 Ke5 35. c4 a3 36. c5 a2 37. h4 Ra3+ 38. Kc4 Kxe4 39. c6 Ke5 40.
Kb5 Kd6 41. Rd1+ Kc7 42. Rd7+ Kc8 43. Rxf7 a1=Q 44. Kb6 Qb2+ 45. Kc5 Qc3+ 46.
Kd6 Qd4+ 47. Ke7 Ra7+ 48. Ke6 Rxf7 49. Kxf7 Qd6 50. Kg7 Qxc6 51. Kxh7 Qf6 52.
h5 Kd7 53. h6 Kd6 54. Kg8 Qxh6 55. Kf7 Ke5 56. Kg8 Kf5 57. Kf7 Qh7+ 58. Ke8 Ke6
59. Kd8 Qd7# 0-1

[Event "NZ Junior Championship 2017"]
[Site "Auckland NZL"]
[Date "2017.07.14"]
[Round "7"]
[White "Yu, Jeffrey"]
[Black "Zhang, Kendrick"]
[Result "1-0"]
[WhiteElo "740"]
[BlackElo "922"]
[PlyCount "75"]
[EventDate "2017.07.11"]

1. e4 c5 2. Nf3 d6 3. Bb5+ Bd7 4. Bxd7+ Nxd7 5. O-O g6 6. Re1 Bg7 7. c3 Ngf6 8.
d4 cxd4 9. cxd4 e6 10. Bg5 e5 11. d5 O-O 12. Nc3 h6 13. Bd2 Qb6 14. Qc2 Ng4 15.
Rf1 Nc5 16. h3 Nf6 17. Be3 Qc7 18. Nb5 Qc8 19. Nxd6 Qc7 20. Qxc5 Qxc5 21. Bxc5
b6 22. Ba3 Rfd8 23. Nc4 Nd7 24. b3 b5 25. Ne3 Rac8 26. Rac1 Ra8 27. Bb2 Rdb8
28. Ba1 Rc8 29. a4 a6 30. a5 Kh7 31. Rfd1 Re8 32. d6 f6 33. Nd5 Ra7 34. Nb6
Nxb6 35. axb6 Rb7 36. Rc7 Rbb8 37. d7 Red8 38. b7 1-0

[Event "NZ Junior Championship 2017"]
[Site "Auckland NZL"]
[Date "2017.07.14"]
[Round "7"]
[White "Hu, Selena Xi"]
[Black "Malton, Isabella"]
[Result "1-0"]
[WhiteElo "1293"]
[BlackElo "1139"]
[PlyCount "57"]
[EventDate "2017.07.11"]

1. c4 e6 2. g3 Nf6 3. Bg2 Be7 4. e3 d5 5. b3 c5 6. Bb2 Nc6 7. Ne2 O-O 8. d4 Qb6
9. O-O Rd8 10. Nbc3 h6 11. Na4 Qa6 12. Nxc5 Bxc5 13. dxc5 dxc4 14. Qc2 e5 15.
Rfd1 Be6 16. Rdc1 Rd7 17. bxc4 Rad8 18. Kh1 Rd2 19. Qb1 Rxe2 20. Rd1 Re8 21.
Kg1 Bxc4 22. Qc1 Ng4 23. Bf3 Rxf2 24. Bxg4 Rf6 25. Bd7 Re7 26. Bxc6 Rxc6 27.
Qc2 Rf6 28. Rd8+ Re8 29. Rxe8# 1-0